| 000 | 00535nam a22001937a 4500 | ||
|---|---|---|---|
| 003 | CEME | ||
| 005 | 20210628202931.0 | ||
| 008 | 210126b xxu||||| |||| 00| 0 eng d | ||
| 020 | _a81-7515-162-5 | ||
| 040 | _c. | ||
| 082 | _a004 JAI | ||
| 100 |
_aJaiswal, S _962396 |
||
| 245 | _aComputer science question bank bible includes over 10,000 objective type question | ||
| 250 | _aREVISED EDITION | ||
| 260 |
_aNEW DELHI _bGALGOTIA _c2005 |
||
| 300 | _a978 P | ||
| 650 |
_aCOMPUTER SCIENCE QUESTION BOOK. _962397 |
||
| 942 |
_cBK _2ddc |
||
| 999 |
_c571515 _d571515 |
||